Conferencia dictada (Record no. 96606)

MARC details
000 -LEADER
campo de control de longitud fija 00555nam a2200169 i 4500
001 - NÚMERO DE CONTROL
campo de control 96606
003 - IDENTIFICADOR DE NÚMERO DE CONTROL
campo de control ES-MaACL
005 - FECHA Y HORA DE LA ÚLTIMA TRANSACCIÓN
campo de control 20230906181939.0
007 - CAMPO FIJO DE DESCRIPCIÓN FÍSICA--INFORMACIÓN GENERAL
campo de control de longitud fija t|
008 - DATOS DE LONGITUD FIJA--INFORMACIÓN GENERAL
campo de control de longitud fija 050628s1931 ve ||||1| spa d
100 1# - ENTRADA PRINCIPAL--NOMBRE DE PERSONA
Nombre de persona Maldonado, Victor V.
9 (RLIN) 75718
245 10 - MENCIÓN DEL TÍTULO
Título Conferencia dictada
Resto del título : Caracas, Venezuela 9 de Octubre 1931 /
Mención de responsabilidad, etc. por el Sr.D. Victor V. Maldonado.
260 ## - PUBLICACIÓN, DISTRIBUCIÓN, ETC.
Lugar de publicación, distribución, etc. Caracas :
Nombre del editor, distribuidor, etc. Tip. Americana,
Fecha de publicación, distribución, etc. 1931.
300 ## - DESCRIPCIÓN FÍSICA
Extensión 80 p. ;
Dimensiones 20 cm.
500 ## - NOTA GENERAL
Nota general Precede al tít.: Ministerio de Salubridad y de Agricultura y Cría.
852 ## - LOCALIZACIÓN
Ubicación ES-MaACL
Número de control de estantería 1756-F-8
Holdings
Estatus retirado Estado de pérdida Estado de daño No para préstamo Colección Biblioteca de origen Biblioteca actual Ubicación en estantería Fecha de adquisición Fuente de adquisición Total de préstamos Signatura topográfica completa Código de barras Visto por última vez Precio de reemplazo Tipo de ítem Koha
        Colección de folletos Biblioteca del Ateneo de Madrid Biblioteca del Ateneo de Madrid Depósito folletos 17/01/2008     1756-F-8 1100858 23/02/2023 23/02/2023 Folleto